|
|
|
|
| LEADER |
00000cam a2200000 a 4500 |
| 001 |
vtls001269438 |
| 003 |
SK-MaSNL |
| 005 |
20260301003942.0 |
| 008 |
240318s1976 xo 00000 slo |
| 015 |
|
|
|a SNBA1976
|
| 035 |
|
|
|a SNK000220483
|
| 040 |
|
|
|a SNK
|b slo
|c SNK
|e AACR2
|
| 041 |
0 |
|
|a slo
|
| 044 |
|
|
|a xo
|c SK
|
| 072 |
|
7 |
|a 572
|x Antropológia
|2 konspekt
|
| 080 |
|
|
|a 572
|2 2001
|
| 100 |
0 |
|
|a Pospíšil Milan F.,
|d 1931-2006
|4 aut
|9 221486
|
| 245 |
1 |
0 |
|a Úvod do antropológie
|c Milan Pospíšil a kol.
|
| 250 |
|
|
|a 1. vyd.
|
| 260 |
|
|
|a Bratislava
|b Univerzita Komenského, Prírodovedecká fakulta
|c 1976
|
| 300 |
|
|
|a 202 s.
|b obr., tab.
|c 4°
|
| 490 |
1 |
|
|a Vysokoškolské skriptá
|
| 650 |
0 |
7 |
|a antropológia
|2 SNKPH
|9 717
|
| 655 |
|
7 |
|a učebnice vysokých škôl
|2 SNKPH
|9 70191
|
| 810 |
2 |
|
|a Univerzita Komenského v Bratislave.
|b Prírodovedecká fakulta
|t Vysokoškolské skriptá
|9 276765
|
| 958 |
|
|
|a OND
|
| 999 |
|
|
|c 540739
|d 542669
|
| 952 |
|
|
|a SNK
|b SNK
|y PREZ
|7 0
|p 17A0932550
|o snkSB 23686
|0 0
|1 0
|4 0
|d 2012-07-25
|f 1
|l 0
|r 2025-03-27 00:00:00
|w 2026-02-23
|
| 952 |
|
|
|t P60, <04>, [BOOK], {604}
|a SNK
|b SNK
|y VYP
|7 0
|p 17A0026351
|o snkSB 23686 D1
|0 0
|1 0
|4 0
|d 1996-12-07
|l 0
|r 2005-01-01 00:00:00
|w 2026-02-23
|